National Health Programs of India (Record no. 158062)
[ view plain ]
| 000 -LEADER | |
|---|---|
| fixed length control field | 00365nam a2200133Ia 4500 |
| 008 - FIXED-LENGTH DATA ELEMENTS--GENERAL INFORMATION | |
| fixed length control field | 230411s9999 xx 000 0 und d |
| 041 ## - LANGUAGE CODE | |
| Language code of text/sound track or separate title | eng |
| 082 ## - DEWEY DECIMAL CLASSIFICATION NUMBER | |
| Classification number | F/610.73069/BER/SNY/B08277 |
| 100 ## - MAIN ENTRY--PERSONAL NAME | |
| Personal name | Kishore J |
| 9 (RLIN) | 178206 |
| 245 ## - TITLE STATEMENT | |
| Title | National Health Programs of India |
| 260 ## - PUBLICATION, DISTRIBUTION, ETC. (IMPRINT) | |
| Name of publisher, distributor, etc. | Century Publications |
| Place of publication, distribution, etc. | New Delhi |
| Date of publication, distribution, etc. | 2014 |
| 300 ## - PHYSICAL DESCRIPTION | |
| Extent | 950p |
| Withdrawn status | Lost status | Damaged status | Not for loan | Collection code | Home library | Current library | Date acquired | Vendor | Cost, normal purchase price | Bill number | Shelving control number | Total Checkouts | Full call number | Barcode | Date last seen | Date last checked out | Cost, replacement price | Bill Date | Koha item type | Original Barcode |
|---|---|---|---|---|---|---|---|---|---|---|---|---|---|---|---|---|---|---|---|---|
| Smt. Bakul Tambat Institute of Nursing Education | Smt. Bakul Tambat Institute of Nursing Education | 26/05/2016 | B.J.Medical Co-oprative College Stores | 960.00 | 6169 | 1 | 2 | F 610.73069 BER SNY B08277 | BTIN-BK-8278 | 30/07/2024 | 29/07/2024 | 816.00 | 09/10/2014 | Books | B08278 |